[Event "Mistrzostwa Miedzywojewodzkie Juniorow OP-SL C 15"]
[Site "Szczyrk"]
[Date "2012-10-21"]
[Round "4.5"]
[White "Swierad, Lukasz"]
[Black "Rosicki, Marcin"]
[Result "0-1"]
[WhiteTitle "II"]
[BlackTitle "II+"]
[WhiteElo "1464"]
[BlackElo "1711"]

1. e4 c5 2. Nf3 e6 3. d4 cxd4 4. Nxd4 Nc6 5. Nc3 a6 6. Be2 Qc7 7. O-O Nf6 8. Be3
Be7 9. f4 d6 10. Kh1 O-O 11. Bf3 Nxd4 12. Bxd4 e5 13. Be3 b5 14. f5 Bb7 15. a3
Rac8 16. Qd2 Rfd8 17. Qf2 Rd7 18. Bb6 Qc4 19. Rfe1 Bd8 20. Bxd8 Rdxd8 21. Rad1
b4 22. Be2 Qc5 23. Qxc5 dxc5 24. Nd5 Nxe4 25. Ne7+ Kf8 26. Nxc8 Nf2+ 27. Kg1 Nxd1
28. Rxd1 Rxd1+ 29. Bxd1 Bxc8 30. g4 bxa3 31. bxa3 g6 32. fxg6 hxg6 33. Bf3 f5
34. gxf5 gxf5 35. Kf2 Kg7 36. Kg3 Kf6 37. Bd5 Be6 38. Bb7 a5 39. c3 Bb3 40. Kf3
Bd1+ 41. Ke3 Bc2 42. Kf3 Kg5 43. Ke3 e4 44. Ke2 Bd3+ 45. Kf2 f4 46. Bc6 Kh4 47.
Bd7 Ba6 48. Bc6 e3+ 49. Ke1 Kh3 50. Bf3 Kxh2 51. Kd1 Kg3 0-1

[Event "Mistrzostwa Miedzywojewodzkie Juniorow OP-SL C 15"]
[Site "Szczyrk"]
[Date "2012-10-21"]
[Round "4.6"]
[White "Mucha, Piotr"]
[Black "Beczala, Pawel"]
[Result "1-0"]
[WhiteTitle "I"]
[BlackTitle "II+"]
[WhiteElo "1981"]
[BlackElo "1771"]

1. e4 c5 2. Nf3 g6 3. d4 cxd4 4. Nxd4 Nc6 5. c4 Nf6 6. Nc3 d6 7. Nc2 Bg7 8. Be2
O-O 9. O-O Be6 10. Be3 Nd7 11. Qd2 Nde5 12. Nd5 Ng4 13. Bg5 Rb8 14. h3 Nge5 15.
f4 Nd7 16. Nce3 Nc5 17. Bf3 f6 18. Bh4 Bf7 19. b4 Ne6 20. b5 Na5 21. f5 Nc5 22.
Rac1 b6 23. g4 Bh6 24. g5 Bg7 25. Bg2 Nd7 26. Ng4 Bxd5 27. exd5 Ne5 28. Nxe5 fxe5
29. Be4 Qe8 30. fxg6 Rxf1+ 31. Rxf1 hxg6 32. Qd3 Kh7 33. Be1 Nb7 34. Bb4 Bf8 35.
h4 Kg7 36. h5 Qd7 37. Qf3 Nd8 38. Qxf8+ 1-0

[Event "Mistrzostwa Miedzywojewodzkie Juniorow OP-SL C 15"]
[Site "Szczyrk"]
[Date "2012-10-21"]
[Round "4.7"]
[White "Skierski, Jacek"]
[Black "Slezinski, Nikodem"]
[Result "1-0"]
[WhiteTitle "II"]
[BlackTitle "II"]
[WhiteElo "1575"]
[BlackElo "1708"]

1. d4 Nf6 2. c4 e5 3. dxe5 Ng4 4. e4 Nxe5 5. f4 Nec6 6. Be3 Bb4+ 7. Nd2 Qe7 8.
Bd3 O-O 9. Ngf3 f5 10. O-O d6 11. a3 Bxd2 12. Nxd2 Nd7 13. Qc2 Nf6 14. Rae1 fxe4
15. Nxe4 Bf5 16. Bd2 Bxe4 17. Bxe4 Nxe4 18. Rxe4 Qf7 19. Bc3 Rae8 20. Rf3 Rxe4
21. Qxe4 Qf5 22. Qe2 Qc5+ 23. Qf2 Qxf2+ 24. Kxf2 Re8 25. Re3 Re7 26. g4 Kf7 27.
Rxe7+ Nxe7 28. f5 h5 29. h3 hxg4 30. hxg4 d5 31. cxd5 Nxd5 32. Kf3 c6 33. g5 g6
34. f6 Nc7 35. Ke4 Ke6 36. Ba5 Ne8 37. Bb4 Nc7 38. Bc5 b6 39. Be7 Ne8 40. Bb4
Nc7 41. Be1 a5 42. Bf2 Nd5 43. Be1 Nc7 44. Bc3 Nd5 45. Bd4 a4 46. Be5 Kf7 47.
Bg3 Ke6 48. Bh2 b5 49. Kd4 b4 50. Kc5 bxa3 51. bxa3 Ne3 52. Kb4 Ng4 53. Bc7 Nxf6
54. gxf6 Kxf6 55. Kxa4 Ke7 56. Ka5 Kd7 57. Kb6 c5 58. Bf4 Kc8 59. Ka7 Kd7 60.
a4 Kc6 61. a5 Kb5 62. a6 1-0

[Event "Mistrzostwa Miedzywojewodzkie Juniorow OP-SL C 15"]
[Site "Szczyrk"]
[Date "2012-10-21"]
[Round "4.8"]
[White "Blaszczak, Jedrzej"]
[Black "Wiaterek, Jakub"]
[Result "1-0"]
[WhiteTitle "II"]
[BlackTitle "II"]
[WhiteElo "1512"]
[BlackElo "1598"]

1. e4 e6 2. d4 d5 3. exd5 exd5 4. Nf3 Bd6 5. c4 Nf6 6. Nc3 c6 7. Bd3 O-O 8. O-O
h6 9. h3 Be6 10. c5 Bc7 11. Ne5 Bxe5 12. dxe5 Nfd7 13. f4 Nxc5 14. f5 Bc8 15.
f6 Re8 16. Qh5 Nxd3 17. fxg7 Nxe5 18. Qxh6 Ng6 19. Bg5 Qc7 20. Bf6 Nd7 21. Qh8+
1-0

[Event "Mistrzostwa Miedzywojewodzkie Juniorow OP-SL C 15"]
[Site "Szczyrk"]
[Date "2012-10-21"]
[Round "4.9"]
[White "Bialucha, Sebastian"]
[Black "Karp, Maciej"]
[Result "0-1"]
[WhiteTitle "II"]
[BlackTitle "II"]
[WhiteElo "1298"]
[BlackElo "1470"]

1. e4 e6 2. d4 d5 3. e5 c5 4. c3 Qb6 5. Nf3 Nc6 6. Bd3 cxd4 7. cxd4 Bd7 8. Be2
Nh6 9. b3 Nf5 10. Bb2 Bb4+ 11. Kf1 Be7 12. g3 f6 13. Kg2 fxe5 14. dxe5 Bc5 15.
Rf1 Bxf2 16. Bc1 Be3 17. Kh1 O-O 18. Bd3 Bxc1 19. Qxc1 Ne3 20. Rf2 Ng4 21. Rf1
Ncxe5 22. Be2 Nxf3 23. Rxf3 Rxf3 24. Bxf3 Ne5 25. Be2 Qd4 26. Nd2 Rc8 27. Qd1
Qe3 28. Kg2 Bc6 29. Nf3 d4 30. Qf1 Rf8 31. Qf2 Bxf3+ 32. Bxf3 Qxf3+ 33. Qxf3 Rxf3
34. Rd1 Rd3 35. Re1 Re3 36. Rd1 d3 37. Kf1 Kf7 38. Rd2 Re2 39. Rxe2 dxe2+ 40.
Kxe2 Kf6 0-1

[Event "Mistrzostwa Miedzywojewodzkie Juniorow OP-SL C 15"]
[Site "Szczyrk"]
[Date "2012-10-21"]
[Round "5.1"]
[White "Lizak, Jakub"]
[Black "Pawlowski, Maciej"]
[Result "1/2-1/2"]
[WhiteTitle "I"]
[BlackTitle "II+"]
[WhiteElo "1858"]
[BlackElo "1716"]

1. e4 e6 2. Nf3 d5 3. Nc3 Nf6 4. e5 Nfd7 5. d4 c5 6. dxc5 Nc6 7. Bf4 Bxc5 8. Bd3
f6 9. exf6 Nxf6 10. Qe2 O-O 11. O-O-O a6 12. Ne5 Qa5 13. Kb1 Nb4 14. a3 Nc6 15.
Bd2 Qc7 16. f4 b5 17. Nxc6 Qxc6 18. Na2 Bd7 19. Bb4 a5 20. Bxc5 Qxc5 21. c3 Rfb8
22. Rc1 Qa7 23. Qe5 Ng4 1/2-1/2

[Event "Mistrzostwa Miedzywojewodzkie Juniorow OP-SL C 15"]
[Site "Szczyrk"]
[Date "2012-10-21"]
[Round "5.2"]
[White "Rosicki, Marcin"]
[Black "Karpacz, Piotr"]
[Result "0-1"]
[WhiteTitle "II+"]
[BlackTitle "II+"]
[WhiteElo "1711"]
[BlackElo "1822"]

1. a3 d5 2. d4 Nf6 3. Nf3 e6 4. c4 dxc4 5. Qa4+ Nbd7 6. Qxc4 c5 7. e3 Nb6 8. Qc2
cxd4 9. Nxd4 Bd7 10. Nc3 Rc8 11. Bd2 Nfd5 12. Be2 Na4 13. O-O Be7 14. Ndb5 Naxc3
15. Nxc3 Bf6 16. Qb3 Nxc3 17. Bxc3 Bxc3 18. bxc3 Bc6 19. Rfd1 Qg5 20. e4 O-O 21.
f3 h5 22. a4 h4 23. Qc2 a6 24. Qd2 Qc5+ 25. Qd4 Qg5 26. Qd2 Qg6 27. Qf4 h3 28.
Qg3 Qxg3 29. hxg3 hxg2 30. Kxg2 Rfd8 31. Rxd8+ Rxd8 32. Rd1 Rxd1 33. Bxd1 a5 34.
Kf2 e5 35. c4 Kf8 36. Ke3 Ke7 37. Kd3 Kd6 38. g4 g6 39. g5 b6 40. Bc2 Ke6 41.
Bb3 Ke7 42. Bd1 f5 43. gxf6+ Kxf6 44. Bb3 Ke7 45. Bc2 Kd6 46. Bd1 Kc5 47. Kc3
g5 48. Bc2 Bb7 49. Bd3 Bc8 50. Bc2 g4 51. fxg4 Bxg4 52. Bb3 Be2 53. Bc2 Bxc4 54.
Bd1 Be6 55. Be2 Bd7 56. Bd1 Bc8 57. Be2 Bb7 58. Bd3 Bc6 59. Bc2 Be8 60. Bb3 Bd7
61. Bd1 b5 62. axb5 Kxb5 63. Bb3 Kc5 64. Bf7 Bb5 65. Bg8 Kd6 66. Bf7 Ke7 67. Bd5
Kf6 68. Bb7 Kg5 69. Ba8 Kf4 70. Bb7 Ke3 71. Bd5 Bd3 72. Kb3 Bxe4 73. Bf7 Bc6 74.
Bg6 Kd4 75. Bf5 Be4 76. Bd7 Bd5+ 77. Ka4 e4 78. Kxa5 e3 79. Bg4 Kd3 80. Kb4 Kd4
81. Be2 Be6 82. Bh5 Bf5 83. Bf3 Be4 84. Bh5 Ke5 85. Kc3 Kf4 86. Be2 Kg3 87. Kd4
Kf2 88. Bc4 Bf3 89. Bb5 Be2 90. Bd7 Ba6 91. Bg4 Bb7 0-1

[Event "Mistrzostwa Miedzywojewodzkie Juniorow OP-SL C 15"]
[Site "Szczyrk"]
[Date "2012-10-21"]
[Round "5.3"]
[White "Klimek, Piotr"]
[Black "Mazur, Bartlomiej"]
[Result "0-1"]
[WhiteTitle "I"]
[BlackTitle "II+"]
[WhiteElo "1773"]
[BlackElo "1621"]

1. e4 d6 2. d4 Nf6 3. Nc3 c6 4. f3 Qb6 5. Bc4 e6 6. Bb3 d5 7. e5 Nfd7 8. Nge2 c5
9. Be3 Nc6 10. f4 a6 11. Rb1 cxd4 12. Nxd4 Bc5 13. Nce2 Nxd4 14. Bxd4 Bxd4 15.
Nxd4 Nb8 16. c3 Bd7 17. g4 Nc6 18. Rc1 Rc8 19. O-O Nxd4 20. Qxd4 Qxd4+ 21. cxd4
Ke7 22. f5 Bb5 23. Rfe1 Bc4 24. Bxc4 Rxc4 25. Rxc4 dxc4 26. Kf2 h5 27. g5 exf5
28. d5 Rd8 29. Rd1 f6 30. gxf6+ gxf6 31. e6 b5 32. Ke3 Rc8 33. Kd4 Kd6 34. Re1
Rc7 35. a3 a5 36. Re2 Rg7 37. h3 h4 38. a4 bxa4 39. Kxc4 Rc7+ 40. Kd4 Rb7 41.
Rc2 Rb4+ 42. Rc4 f4 43. Kd3 f5 44. Rc6+ Kxd5 45. e7 Re4 46. Rf6 Re3+ 47. Kd2 Rxe7
48. Rxf5+ Ke4 49. Rh5 Rd7+ 50. Ke1 Ke3 51. Re5+ Kf3 52. Rc5 Rb7 53. Rc2 Rb3 54.
Kf1 a3 55. Rf2+ Kg3 56. Kg1 f3 57. Rh2 a2 58. Rg2+ Kf4 0-1

[Event "Mistrzostwa Miedzywojewodzkie Juniorow OP-SL C 15"]
[Site "Szczyrk"]
[Date "2012-10-21"]
[Round "5.4"]
[White "Kosmala, Mateusz"]
[Black "Mucha, Piotr"]
[Result "1/2-1/2"]
[WhiteTitle "I"]
[BlackTitle "I"]
[WhiteElo "1865"]
[BlackElo "1981"]

1. d3 d5 2. Nd2 e5 3. e4 Nf6 4. Ngf3 Nc6 5. Be2 h6 6. O-O Be6 7. Re1 Bc5 8. Nb3
Bb6 9. exd5 Nxd5 10. c4 Nf6 11. c5 Bxb3 12. Qxb3 Bxc5 13. Qxb7 Nd4 1/2-1/2

[Event "Mistrzostwa Miedzywojewodzkie Juniorow OP-SL C 15"]
[Site "Szczyrk"]
[Date "2012-10-21"]
[Round "5.5"]
[White "Blaszczak, Jedrzej"]
[Black "Szczecina, Kamil"]
[Result "0-1"]
[WhiteTitle "II"]
[BlackTitle "I"]
[WhiteElo "1512"]
[BlackElo "1866"]

1. e4 c5 2. Nf3 e6 3. d4 cxd4 4. Nxd4 a6 5. Bd3 Qc7 6. O-O Nf6 7. Qe2 d6 8. c4
Be7 9. f4 Nbd7 10. Nc3 O-O 11. Kh1 b6 12. Bd2 Bb7 13. Rae1 Rfd8 14. b4 Rac8 15.
a3 Bf8 16. Rf3 g6 17. Rh3 Bg7 18. Nf3 Qb8 19. f5 exf5 20. exf5 Ne5 21. fxg6 hxg6
22. Nxe5 dxe5 23. Bg5 Rd4 24. Bxf6 Bxf6 25. Rf1 Bg7 26. Na4 Bc6 27. b5 axb5 28.
cxb5 Bd5 29. Nb2 Qa8 30. a4 Qa5 31. Rg3 e4 32. Bb1 Qb4 33. Rg5 Rd2 34. Qg4 Be6
35. Ba2 Bxg4 36. Bxf7+ Kh7 37. Rxg4 Rd6 38. Rh4+ Bh6 39. g4 g5 40. Rh3 Qxb2 0-1

[Event "Mistrzostwa Miedzywojewodzkie Juniorow OP-SL C 15"]
[Site "Szczyrk"]
[Date "2012-10-21"]
[Round "5.6"]
[White "Swierad, Lukasz"]
[Black "Skierski, Jacek"]
[Result "1-0"]
[WhiteTitle "II"]
[BlackTitle "II"]
[WhiteElo "1464"]
[BlackElo "1575"]

1. e4 e6 2. d4 d5 3. e5 c5 4. Qg4 cxd4 5. Nf3 Nc6 6. Bd3 Qc7 7. Qg3 Nge7 8. O-O
Ng6 9. Re1 Bd7 10. a3 O-O-O 11. b4 Ncxe5 12. Nxe5 Bd6 13. f4 Nxf4 14. Bxf4 g5
15. Qxg5 h6 16. Qh4 f6 17. Ng6 Bxf4 18. Qxf4 e5 19. Qxf6 e4 20. Nxh8 Rg8 21. Ng6
exd3 22. Ne7+ Kb8 23. Nxg8 dxc2 24. Qf8+ Bc8 25. Nd2 a6 26. Ne7 Qc3 27. Qxc8+
Ka7 28. Qxc3 dxc3 29. Nf3 1-0

[Event "Mistrzostwa Miedzywojewodzkie Juniorow OP-SL C 15"]
[Site "Szczyrk"]
[Date "2012-10-21"]
[Round "5.7"]
[White "Slezinski, Nikodem"]
[Black "Beczala, Pawel"]
[Result "1/2-1/2"]
[WhiteTitle "II"]
[BlackTitle "II+"]
[WhiteElo "1708"]
[BlackElo "1771"]

1. e4 e6 2. d3 d5 3. Nd2 dxe4 4. dxe4 Nd7 5. Ngf3 Be7 6. g3 Ngf6 7. Bg2 O-O 8.
e5 Ng4 9. Qe2 Nh6 10. O-O Nf5 11. Ne4 b6 12. Bf4 Bb7 13. Rad1 Qc8 14. Bg5 Bxg5
15. Nexg5 h6 16. Nh3 Nc5 17. Nf4 Qe8 18. g4 Ne7 19. Nh5 Qa4 20. Nd4 Rad8 21. Bxb7
Rxd4 22. Rxd4 Qxd4 23. c3 Qd3 24. Bf3 Ng6 25. Re1 Qxe2 26. Rxe2 Nd3 27. Be4 Ndxe5
28. Bxg6 Nxg6 29. Kf1 Rd8 30. f4 Kf8 31. f5 exf5 32. gxf5 Nh4 33. f6 g6 34. Ng7
Nf3 35. Kg2 Ng5 36. Re7 Rc8 37. Kg3 Nh7 38. Ne6+ Kg8 39. Rxc7 Rxc7 40. Nxc7 Nxf6
41. Nb5 a5 42. Nd6 Nd7 43. Kf4 Kf8 44. b4 axb4 45. cxb4 Ke7 46. Nc4 Ke6 47. a4
g5+ 48. Ke3 Kd5 49. Nd2 f5 50. a5 bxa5 51. bxa5 Kc5 52. Nf3 Nf6 53. a6 Kb6 54.
Kd4 Ng4 55. h4 gxh4 56. Nxh4 Kxa6 57. Nxf5 1/2-1/2

[Event "Mistrzostwa Miedzywojewodzkie Juniorow OP-SL C 15"]
[Site "Szczyrk"]
[Date "2012-10-21"]
[Round "5.8"]
[White "Karp, Maciej"]
[Black "Wiaterek, Jakub"]
[Result "1/2-1/2"]
[WhiteTitle "II"]
[BlackTitle "II"]
[WhiteElo "1470"]
[BlackElo "1598"]

1. e4 e6 2. d4 d5 3. exd5 exd5 4. Bd3 Bd6 5. Qf3 h6 6. Ne2 Nf6 7. h3 O-O 8. O-O
Nc6 9. c3 Re8 10. Ng3 b6 11. Bf4 Ne7 12. Bxd6 Qxd6 13. Nd2 c5 14. Rfe1 cxd4 15.
cxd4 Bd7 16. Rac1 Qb4 17. Nb3 Ba4 18. Red1 Bxb3 19. axb3 Rac8 20. Rxc8 Rxc8 21.
Nf5 Nxf5 22. Qxf5 Rc7 23. Qf3 Kf8 24. Bf5 a5 25. Qe3 1/2-1/2

[Event "Mistrzostwa Miedzywojewodzkie Juniorow OP-SL C 15"]
[Site "Szczyrk"]
[Date "2012-10-21"]
[Round "5.9"]
[White "Swiech, Przemyslaw"]
[Black "Bialucha, Sebastian"]
[Result "1/2-1/2"]
[WhiteTitle "II"]
[BlackTitle "II"]
[WhiteElo "1524"]
[BlackElo "1298"]

1. b3 e5 2. Bb2 d6 3. e3 Bf5 4. Nf3 Nd7 5. c4 Ngf6 6. Be2 c6 7. h3 Bg6 8. d4 e4
9. Nh4 d5 10. Nxg6 hxg6 11. cxd5 cxd5 12. Nc3 Nb6 13. Bb5+ Nbd7 14. O-O Rc8 15.
Rc1 a6 16. Bxd7+ Qxd7 17. Na4 b5 18. Nc5 Qa7 19. Nxe4 Rxc1 20. Nxf6+ gxf6 21.
Qxc1 Qb7 22. Qc2 f5 23. Rc1 Kd7 24. f3 Bh6 25. Kf2 Re8 26. Re1 Re6 27. Qc5 Bg5
28. f4 Be7 29. Qc2 Rc6 30. Qd2 Qc7 31. Rc1 b4 32. Rxc6 Qxc6 33. g4 fxg4 34. hxg4
f6 35. Qc1 Qe6 36. Qd1 Qe4 37. Bc1 a5 38. Qe2 Bd8 39. Qb5+ Ke7 40. Qe2 Kf8 41.
Bd2 Qc2 42. Be1 Qe4 43. Kg3 Kf7 44. Qf3 Qe6 45. Bf2 Kg7 46. f5 Qd6+ 47. Kg2 g5
48. e4 dxe4 49. Qxe4 Bc7 50. Kf1 Qa6+ 51. Ke1 Bd6 52. Qe6 Qc6 53. d5 Qc1+ 54.
Ke2 Qc2+ 55. Kf1 Qd1+ 1/2-1/2

[Event "Mistrzostwa Miedzywojewodzkie Juniorow OP-SL C 15"]
[Site "Szczyrk"]
[Date "2012-10-21"]
[Round "6.1"]
[White "Mazur, Bartlomiej"]
[Black "Lizak, Jakub"]
[Result "0-1"]
[WhiteTitle "II+"]
[BlackTitle "I"]
[WhiteElo "1621"]
[BlackElo "1858"]

1. c4 e5 2. g3 Nf6 3. Bg2 Nc6 4. Nc3 h6 5. d3 Bc5 6. Nf3 d6 7. O-O a6 8. a3 Ba7
9. b4 Ne7 10. Bb2 O-O 11. Nd2 Ne8 12. Nb3 f5 13. e3 f4 14. c5 Nf6 15. Ne4 Nh7
16. Rc1 Be6 17. Ned2 Ng5 18. exf4 exf4 19. Qc2 Ng6 20. cxd6 cxd6 21. Qc7 Rf7 22.
Qxd8+ Rxd8 23. Nd4 Bxd4 24. Bxd4 f3 25. Rfe1 fxg2 26. h4 Nh3+ 27. Kxg2 Nhf4+ 28.
gxf4 Nxf4+ 29. Kg3 Nxd3 30. Rxe6 Nxc1 31. Bb6 Rc8 32. Ne4 Rc6 33. Be3 Ne2+ 34.
Kh2 d5 35. Re8+ Rf8 36. Rxf8+ Kxf8 37. Nc5 d4 38. Bd2 b6 39. Nb3 Rc2 40. Be1 Rb2
41. Nd2 Ra2 42. Nc4 Ra1 43. Bd2 Rd1 44. b5 axb5 45. Bb4+ Kg8 46. Nb2 Rb1 47. Nd3
Rb3 48. Ne5 d3 49. Nf3 Nd4 50. Nd2 Rb2 51. Bc3 Rxd2 52. Bxd2 Nf3+ 0-1

[Event "Mistrzostwa Miedzywojewodzkie Juniorow OP-SL C 15"]
[Site "Szczyrk"]
[Date "2012-10-21"]
[Round "6.2"]
[White "Karpacz, Piotr"]
[Black "Klimek, Piotr"]
[Result "1/2-1/2"]
[WhiteTitle "II+"]
[BlackTitle "I"]
[WhiteElo "1822"]
[BlackElo "1773"]

1. d4 e6 2. c4 f5 3. g3 Nf6 4. Bg2 Bb4+ 5. Bd2 Qe7 6. a3 Bxd2+ 7. Nxd2 O-O 8. e3
d6 9. Ne2 Nbd7 10. O-O e5 11. dxe5 dxe5 12. e4 Nc5 13. Nc3 f4 14. gxf4 exf4 15.
b4 Nd3 16. Qe2 Ne5 17. f3 c6 18. Na4 Rd8 19. Rfd1 Be6 20. Nb2 Qf7 21. Rac1 Rd4
22. Bf1 Qh5 23. Bg2 g5 24. Nb3 Rxd1+ 25. Rxd1 g4 26. Nd4 gxf3 27. Nxf3 Bg4 28.
Rf1 Re8 29. Nd3 Nxf3+ 30. Bxf3 Bxf3 31. Qxf3 1/2-1/2

[Event "Mistrzostwa Miedzywojewodzkie Juniorow OP-SL C 15"]
[Site "Szczyrk"]
[Date "2012-10-21"]
[Round "6.3"]
[White "Pawlowski, Maciej"]
[Black "Rosicki, Marcin"]
[Result "1-0"]
[WhiteTitle "II+"]
[BlackTitle "II+"]
[WhiteElo "1716"]
[BlackElo "1711"]

1. e4 e6 2. d4 d5 3. Nc3 dxe4 4. Nxe4 Be7 5. Nf3 Nf6 6. Nxf6+ Bxf6 7. c3 O-O 8.
Bd3 Nd7 9. Qc2 h6 10. O-O e5 11. Be3 exd4 12. Nxd4 Ne5 13. Be4 Nc4 14. Bf4 Bg5
15. Bxg5 Qxg5 16. f4 Qf6 17. Rae1 c5 18. Nb3 Rd8 19. Bd3 Nxb2 20. Qxb2 Rxd3 21.
Re8+ Kh7 22. Nxc5 Rxc3 23. Ne4 Qd4+ 24. Kh1 Qd3 25. Re1 Rc2 26. Qe5 Qa6 27. Qh5
f6 28. f5 Bxf5 29. Qxf5+ g6 30. Qd7# 1-0

[Event "Mistrzostwa Miedzywojewodzkie Juniorow OP-SL C 15"]
[Site "Szczyrk"]
[Date "2012-10-21"]
[Round "6.4"]
[White "Mucha, Piotr"]
[Black "Swierad, Lukasz"]
[Result "1-0"]
[WhiteTitle "I"]
[BlackTitle "II"]
[WhiteElo "1981"]
[BlackElo "1464"]

1. e4 c5 2. Nf3 d6 3. d4 cxd4 4. Nxd4 Nf6 5. Nc3 a6 6. Bg5 e6 7. f4 Be7 8. Qf3
Qc7 9. O-O-O Nbd7 10. g4 b5 11. Bxf6 Nxf6 12. g5 Nd7 13. f5 Bxg5+ 14. Kb1 e5 15.
Nd5 Qb7 16. Qh5 Bf6 17. Ne6 Rb8 18. Ndc7+ Ke7 19. Nd5+ Ke8 20. Rg1 Rg8 21. Qxh7
Rf8 22. Ndc7+ Ke7 23. Nd5+ Ke8 24. Nxf8 Nxf8 25. Qh8 Bd7 26. Nxf6+ gxf6 27. Qxf6
Bc6 28. Qxd6 Bxe4 29. Rg8 1-0

[Event "Mistrzostwa Miedzywojewodzkie Juniorow OP-SL C 15"]
[Site "Szczyrk"]
[Date "2012-10-21"]
[Round "6.5"]
[White "Szczecina, Kamil"]
[Black "Kosmala, Mateusz"]
[Result "1-0"]
[WhiteTitle "I"]
[BlackTitle "I"]
[WhiteElo "1866"]
[BlackElo "1865"]

1. e4 e5 2. Nf3 Nc6 3. d4 exd4 4. Bc4 Qe7 5. O-O Qc5 6. Bb3 g6 7. c3 Bg7 8. cxd4
Nxd4 9. Be3 Nxf3+ 10. Qxf3 Qe7 11. Nc3 c6 12. Bc5 Qf6 13. Qd3 b6 14. e5 Qf4 15.
Bd6 Qf5 16. Qxf5 gxf5 17. Nb5 Kd8 18. Nc7 Rb8 19. Ne6+ fxe6 20. Bxb8 a6 21. Rfd1
Ke8 22. Bc7 b5 23. a4 Ne7 24. axb5 cxb5 25. Rac1 Kf7 26. f4 Rg8 27. Kf2 Bf8 28.
g3 Nc6 29. Bd6 Be7 30. Rc2 Rd8 31. g4 fxg4 32. f5 Bxd6 33. fxe6+ Kg7 34. exd6
Rf8+ 35. Kg1 Na5 36. e7 Re8 37. Bd5 Nc4 38. Bxc4 bxc4 39. Rxc4 h5 40. Rc7 a5 41.
Ra7 h4 42. Rf1 h3 43. Rf4 g3 44. hxg3 Rh8 45. Kh2 Bb7 46. Rxb7 a4 47. Rxd7 Re8
48. Rd8 a3 49. bxa3 Kh7 50. Rxe8 Kh6 51. Kxh3 Kg7 52. Ref8 Kh7 53. Rg4 1-0

[Event "Mistrzostwa Miedzywojewodzkie Juniorow OP-SL C 15"]
[Site "Szczyrk"]
[Date "2012-10-21"]
[Round "6.6"]
[White "Beczala, Pawel"]
[Black "Blaszczak, Jedrzej"]
[Result "1-0"]
[WhiteTitle "II+"]
[BlackTitle "II"]
[WhiteElo "1771"]
[BlackElo "1512"]

1. e4 e5 2. d4 exd4 3. Nf3 Nc6 4. Bc4 Na5 5. Qxd4 Nxc4 6. Qxc4 Be7 7. Ne5 d5 8.
Qxd5 Qxd5 9. exd5 Bf6 10. Bf4 Bf5 11. c4 O-O-O 12. O-O Bxe5 13. Bxe5 f6 14. Bf4
g5 15. Be3 Nh6 16. b3 Ng4 17. h3 Ne5 18. Nc3 g4 19. hxg4 Bxg4 20. Bd4 Rhg8 21.
Bxe5 fxe5 22. f3 Bd7 23. Rae1 Rg5 24. Rf2 Rdg8 25. Ne4 R5g6 26. Nc5 Bh3 27. Ree2
Rg5 28. Nd3 Bf5 29. Nxe5 h5 30. Nf7 R5g6 31. Ne5 Rg5 32. Kf1 Rg3 33. Ke1 h4 34.
Kd2 h3 35. gxh3 Bxh3 36. f4 Bf5 37. Re3 Rg1 38. Nf7 Ra1 39. Kc3 Rgg1 40. Re8+
Kd7 41. Rfe2 Rgc1+ 42. Kb4 a5+ 43. Ka3 1-0

[Event "Mistrzostwa Miedzywojewodzkie Juniorow OP-SL C 15"]
[Site "Szczyrk"]
[Date "2012-10-21"]
[Round "6.7"]
[White "Skierski, Jacek"]
[Black "Karp, Maciej"]
[Result "1/2-1/2"]
[WhiteTitle "II"]
[BlackTitle "II"]
[WhiteElo "1575"]
[BlackElo "1470"]

1. d4 d5 2. c4 e6 3. cxd5 exd5 4. Nc3 Nf6 5. Bg5 Nbd7 6. e3 Be7 7. Bd3 O-O 8. Nge2
Re8 9. O-O Nf8 10. f3 c5 11. Qd2 Be6 12. Rad1 cxd4 13. exd4 h6 14. Bh4 Qb6 15.
Bf2 Bd6 16. a3 a6 17. Rc1 Bd7 18. Bb1 Bb5 19. Rfd1 Bxe2 20. Nxe2 Rac8 21. Nc3
Ng6 22. Bxg6 fxg6 23. Na4 Qb5 24. Rxc8 Rxc8 25. Nc3 Qc4 26. Qe3 Re8 27. Qd3 Qxd3
28. Rxd3 b5 29. Bh4 g5 30. Bg3 Bxg3 31. hxg3 Kf7 32. Kf2 g6 33. Re3 Re6 34. Re5
Rxe5 35. dxe5 d4 36. Ne2 Nd7 37. f4 Nc5 38. Nxd4 Nd3+ 39. Ke3 Nxb2 40. Ke4 Nc4
41. Nc2 Nb6 42. f5 gxf5+ 43. Kxf5 Nc4 44. g4 a5 45. e6+ Ke7 46. g3 b4 47. axb4
axb4 48. Nxb4 Ne3+ 49. Kg6 Kxe6 50. Kxh6 Nxg4+ 51. Kxg5 Nf6 52. Kh4 Ne4 53. g4
Nf6 54. g5 Nh7 55. g6 Nf8 56. g7 Kf7 1/2-1/2

[Event "Mistrzostwa Miedzywojewodzkie Juniorow OP-SL C 15"]
[Site "Szczyrk"]
[Date "2012-10-21"]
[Round "6.8"]
[White "Swiech, Przemyslaw"]
[Black "Lebioda, Jan"]
[Result "0-1"]
[WhiteTitle "II"]
[BlackTitle "III"]
[WhiteElo "1524"]
[BlackElo "1353"]

1. b3 e5 2. Bb2 Nc6 3. e3 Nf6 4. Bb5 d6 5. h3 Bd7 6. Nf3 Be7 7. d4 e4 8. Nfd2 a6
9. Bxc6 Bxc6 10. c4 d5 11. cxd5 Nxd5 12. a3 Nf6 13. Nc3 Bd6 14. d5 Bb5 15. Nxb5
axb5 16. Bxf6 Qxf6 17. Nxe4 Qg6 18. Nxd6+ Qxd6 19. b4 Rxa3 20. O-O Qxb4 21. Rxa3
Qxa3 22. Qg4 O-O 23. Qd4 Qd6 24. Rc1 Ra8 25. Qc3 Rc8 26. Qa5 Qxd5 27. Rb1 c6 28.
Qb6 Qd7 29. Qc5 Ra8 30. Kh1 h6 31. Kg1 Qd8 32. Kh1 Qf6 33. f3 Ra1 34. Rxa1 Qxa1+
35. Kh2 Qa4 36. Qf5 Qa8 37. Qc5 Qb8+ 38. Kh1 Qc7 39. Qb4 b6 40. Qb3 Qd6 41. e4
c5 42. Qc3 c4 43. Qb4 Qc6 44. Kh2 c3 45. Qb1 c2 46. Qc1 b4 0-1

[Event "Mistrzostwa Miedzywojewodzkie Juniorow OP-SL C 15"]
[Site "Szczyrk"]
[Date "2012-10-21"]
[Round "6.9"]
[White "Bialucha, Sebastian"]
[Black "Slezinski, Nikodem"]
[Result "0-1"]
[WhiteTitle "II"]
[BlackTitle "II"]
[WhiteElo "1298"]
[BlackElo "1708"]

1. e4 e5 2. d4 exd4 3. c3 dxc3 4. Bc4 cxb2 5. Bxb2 d5 6. Bxd5 Nf6 7. Bxf7+ Kxf7
8. Qxd8 Bb4+ 9. Qd2 Bxd2+ 10. Nxd2 Nc6 11. f3 Be6 12. Ne2 Rad8 13. Nf4 Nb4 14.
Ke2 Rd7 15. a3 Rhd8 16. Rhd1 Nd3 17. Nxd3 Rxd3 18. Rac1 c6 19. Rb1 b6 20. e5 Ne8
21. Ne4 Bc4 22. Ke1 Re3+ 23. Kf2 Rxd1 24. Rxd1 Re2+ 25. Kg3 Rxb2 26. Rd7+ Ke6
27. Rd8 Ke7 28. Rxe8+ Kxe8 29. Nd6+ Ke7 30. Nxc4 Ra2 31. Kh3 b5 32. Na5 c5 33.
Nc6+ Ke6 34. Nxa7 b4 35. axb4 Rxa7 36. bxc5 Rc7 37. f4 Rxc5 38. Kg4 Rc2 39. f5+
Kxe5 40. h4 Rxg2+ 41. Kh5 Rf2 42. f6 Rxf6 0-1

[Event "Mistrzostwa Miedzywojewodzkie Juniorow OP-SL C 15"]
[Site "Szczyrk"]
[Date "2012-10-21"]
[Round "7.1"]
[White "Lizak, Jakub"]
[Black "Mucha, Piotr"]
[Result "1/2-1/2"]
[WhiteTitle "I"]
[BlackTitle "I"]
[WhiteElo "1858"]
[BlackElo "1981"]

1. e4 c5 2. Nf3 a6 3. b3 d6 4. Bb2 e5 5. g3 Nf6 6. d3 Bg4 7. Bg2 Nc6 8. Nbd2 b5
9. h3 Be6 10. c3 Be7 11. d4 cxd4 12. cxd4 Nb4 13. O-O Nd3 14. Qb1 Nxb2 15. Qxb2
exd4 16. Nxd4 Rc8 17. Rac1 O-O 18. f4 d5 19. e5 Ne4 20. Rxc8 Bxc8 21. Kh2 Bc5
22. b4 Bb6 23. N2b3 f6 24. exf6 Qxf6 25. Qa1 Kh8 26. Ne2 Qe7 27. Nc3 Bb7 28. a3
Nxc3 29. Qxc3 d4 30. Qd3 Bxg2 31. Kxg2 Rc8 32. Rc1 Re8 33. Rd1 Qb7+ 34. Kh2 Re3
35. Qc2 Rc3 36. Qe2 Re3 37. Qc2 Qd7 38. Rd3 Qf5 39. Nc1 h6 40. Qd1 Qe4 41. Rxe3
Qxe3 42. Qe2 Qxe2+ 43. Nxe2 d3 44. Nc3 Kh7 45. Kg2 Bd4 46. Nd1 Kg6 47. Kf3 Bf6
48. Ke4 d2 49. Ke3 Kf5 50. g4+ Ke6 51. Kxd2 1/2-1/2

[Event "Mistrzostwa Miedzywojewodzkie Juniorow OP-SL C 15"]
[Site "Szczyrk"]
[Date "2012-10-21"]
[Round "7.2"]
[White "Karpacz, Piotr"]
[Black "Szczecina, Kamil"]
[Result "0-1"]
[WhiteTitle "II+"]
[BlackTitle "I"]
[WhiteElo "1822"]
[BlackElo "1866"]

1. d4 c5 2. d5 Nf6 3. c4 b5 4. cxb5 a6 5. b6 g6 6. Nc3 d6 7. e4 Nbd7 8. Nf3 Bg7
9. Nd2 O-O 10. Nc4 Nxb6 11. Qc2 Nxc4 12. Bxc4 Bd7 13. O-O Qb6 14. Rb1 Rfb8 15.
Bd2 Ng4 16. h3 Ne5 17. Be2 Bb5 18. f4 Nc4 19. Bxc4 Bxc4 20. Rfe1 Bd3 21. Qa4 Bxb1
22. Rxb1 c4+ 23. Kh2 Qf2 24. Qc2 g5 25. Qc1 gxf4 26. Be1 Qe3 27. Qxe3 fxe3 28.
Nd1 Bd4 29. Kg3 Rb7 30. Kf3 Rab8 31. Rc1 Bxb2 32. Rxc4 Ba3 33. Ra4 Bc5 34. Nxe3
Bxe3 35. Kxe3 Rb6 36. Bc3 Ra8 37. Bd4 Rb5 38. g3 a5 39. a3 Rc8 40. Kf4 Rb2 41.
h4 e5+ 42. dxe6 fxe6 43. Kg4 h5+ 44. Kh3 Rb1 45. g4 Rb3+ 0-1